Countries by Picture #6 - Statistics

General Stats
  • This quiz has been taken 37,092 times
  • The average score is 9 of 14
Answer Stats
Picture Answer % Correct
United Kingdom
96%
North Korea
89%
South Africa
80%
China
77%
Tanzania
77%
Italy
74%
Israel / Palestine / Jordan
72%
Afghanistan
70%
Iraq
68%
Nicaragua
61%
Russia
45%
Austria
42%
Spain
41%
Namibia
27%
No matching quizzes found
Score Distribution
Percent of People with Each Score
Percentile by Number Answered
Your Score History
You have not taken this quiz